| 000 | 00000nam##2200000za#4500 |
| 001 | 9.644380 |
| 003 | CaOODSP |
| 005 | 20210624224620 |
| 007 | cr ||||||||||| |
| 008 | 150407|2011||||xxc|||||o f|0| 0 fre|d |
| 040 | |aCaOODSP|bfre |
| 043 | |an-cn--- |
| 086 | 1 |aR5-46/2011F-PDF |
| 110 | 1 |aCanada.|bAffaires indiennes et du Nord. |
| 245 | 10|aRapport final : évaluation de la mise en oeuvre de la Loi sur la gestion financière et statistique des premières nations / |h[ressource électronique]|c[publié par la] Direction générale de l'évaluation, de la mesure du rendement et de l'examen. |
| 260 | |aOttawa - Ontario : |bAffaires indiennes et du Nord |cAvril 2011. |
| 300 | |a93p.|bfigures, tableaux |
| 590 | |a15-05-Supp|b2015-03-31 |
| 691 | 07|aÉvaluation de programme|2gcpds |
| 691 | 07|aPolitique fiscale|2gcpds |
| 775 | 08|tFinal report : evaluation of the implementation of the First Nations Fiscal and Statistical Management Act / |w(CaOODSP)9.700459 |
| 856 | 40|ahttp://publications.gc.ca|qPDF|s424 Ko|uhttps://publications.gc.ca/collections/collection_2015/aadnc-aandc/R5-46-2011-fra.pdf |
| 986 | |aNuméro de projet : 10014 |